| 000 | 02430cam a2200409 i 4500 | ||
|---|---|---|---|
| 003 | PE-LiUPU | ||
| 005 | 20251230161245.0 | ||
| 008 | 2003 s2020 ar a rb 000 0 spa d | ||
| 020 | _a9789877981100 | ||
| 035 | _aPE-LiUPU00051 | ||
| 040 |
_aPE-LiUPU _bspa _cPE-LiUPU _erda |
||
| 041 | 1 |
_aspa _heng |
|
| 082 | 0 | 4 |
_a248.4 _bW583p _223 |
| 100 | 1 |
_aWhite, Ellen G. _d1827-1915, _eautor. _9833 |
|
| 245 | 1 | 0 |
_aPrincipios para líderes cristianos / _cElena G. de White ; dirigido por Claudia Blath ; traducción de Juan Fernando Sánchez. |
| 250 | _aPrimera edición. | ||
| 264 | 1 |
_aFlorida : _bAsociación Casa Editora Sudamericana, _c2020. |
|
| 264 | 3 | _aImpreso en la Argentina. | |
| 300 |
_a323 páginas ; _c20 cm |
||
| 336 |
_atext _2rdacontent |
||
| 337 |
_aunmediated _2rdamedia |
||
| 338 |
_avolume _2rdacarrier |
||
| 500 | _aTítulo original en inglés: Principles for Christian Leaders. | ||
| 500 | _aObra perteneciente a la colección Biblioteca del Hogar Cristiano. | ||
| 504 | _aIncluye referencias bíblicas. | ||
| 505 | _aConsejos generales sobre el liderazgo en la iglesia -- Cristo y su iglesia -- Estructura organizativa y conducta -- Unidad en creencias y en acción -- El dirigente que Dios busca -- Consejos para puestos específicos -- La asociación general y su presidente -- Los presidentes de asociación -- Los pastores, guardianes del rebaño -- Los miembros de juntas y consejos -- Consejos para las organizaciones de la iglesia -- Instituciones de Dios -- Cómo administrar el dinero de Dios -- Relación entre los obreros -- Vida personal de un dirigente de la iglesia -- La iglesia triunfante de Cristo. | ||
| 520 | _aObra dirigida a líderes cristianos y dirigentes de iglesia que presenta principios bíblicos y orientaciones prácticas para el ejercicio del liderazgo espiritual. Aborda temas como la organización eclesiástica, la autoridad cristiana, la misión de la iglesia, la conducta del liderazgo y la dependencia de la guía del Espíritu Santo. | ||
| 650 | 4 | _aVida cristiana. | |
| 650 | 1 | 4 |
_aLiderazgo cristiano _91483 |
| 650 | 2 | 4 |
_aAdministración de Iglesia _93802 |
| 650 | 1 | 4 |
_aÉtica cristiana _91047 |
| 700 |
_aBlath, Claudia _edirector. _93732 |
||
| 700 |
_aSánchez, Juan Fernando, _etraductor. _97940 |
||
| 710 | 2 | _aAsociación Casa Editora Sudamericana. | |
| 942 |
_2ddc _cBK |
||
| 980 |
_618228 _aRebeca Esther Huerta Leyton _818226 _gJaime Vilcazán Jefe de Análisis Documental |
||
| 999 |
_c63214 _d63213 |
||